| 000 | 00548nam a2200205Ia 4500 | ||
|---|---|---|---|
| 003 | IN-BaIIA | ||
| 008 | 211028s9999 xx 000 0 eng d | ||
| 020 | _a0-521-48219-4 | ||
| 040 | _cIIA Library | ||
| 080 |
_a523.4 _bDE |
||
| 100 |
_ade Pater, I _925970 |
||
| 245 | 0 |
_aPlanetary sciences _cI. de Pater and J. J. Lissauer |
|
| 260 |
_aCambridge _bCambridge University Press _c2001 |
||
| 300 | _axvi, 528p. | ||
| 650 | _aCosmology | ||
| 650 |
_aPlanetology _99952 |
||
| 650 |
_aPlanets _9971 |
||
| 700 |
_aLissauer, J. J _925971 |
||
| 942 | _cBK | ||
| 999 |
_c14596 _d14596 |
||